[Event "Tiznit op 4th"]
[Site "Tiznit"]
[Date "2022.02.08"]
[Round "5"]
[White "Arbouche, Muhamed"]
[Black "El Mokhtari, Mohamed"]
[Result "0-1"]
[WhiteElo "2202"]
[BlackElo "1896"]
[PlyCount "96"]
[EventDate "2022.02.06"]
[EventType "swiss"]
[EventRounds "9"]
[EventCountry "MAR"]
[SourceTitle "EXT 2023"]
[Source "ChessBase"]
[SourceDate "2022.10.05"]
[SourceVersion "1"]
[SourceVersionDate "2022.10.05"]
[SourceQuality "1"]

1. d4 d5 2. Nf3 Nf6 3. g3 e6 4. Bg2 Bd6 5. 0-0 0-0 6. c4 c6 7. Nc3 Nbd7 8. Nd2 dxc4 9. Nxc4 Bc7 10. e4 e5 11. d5 Nb6 12. Ne3 cxd5 13. exd5 Ne8 14. Qe2 Nd6 15. Bd2 Bd7 16. f4 exf4 17. gxf4 Qh4 18. Rf2 Rae8 19. Qd3 Qf6 20. Raf1 h5 21. Kh1 Bf5 22. Nxf5 Qxf5 23. Qf3 Nbc4 24. Bc1 Bb6 25. Bh3 Qf6 26. Re2 Rxe2 27. Qxe2 Re8 28. Qxh5 Be3 29. Qd1 Bxc1 30. Qxc1 Qd4 31. f5 Qe3 32. Qxe3 Rxe3 33. Bg4 Nxb2 34. Nd1 Nxd1 35. Rxd1 Ra3 36. Rd2 Kf8 37. Kg1 Ke7 38. Kf1 Ra4 39. h3 Kf6 40. Ke2 Re4+ 41. Kd3 Ke5 42. Kc3 Rxg4 43. hxg4 Ne4+ 44. Kd3 Nxd2 45. Kxd2 Kxd5 46. Ke3 b5 47. Kf4 b4 48. f6 g6 0-1